00791nam a2200229 a 4500999001300000001000500013003000900018005001700027008004100044040003800085082001900123100002100142245006000163260004400223300004500267504005100312650002900363650002900392651001100421942001200432952011700444 c870d8704254BD-DhUAP20200128155107.0200127s1995 enkab b 001 0 eng  aBD-DhUAPcBD-DhUAPdBD-DhUAPbEng00a320.95 THA223 a Thakur, Ramesh. aThe government and politics of India /cRamesh Thakur. aLondon :bMacmillan Press Ltd.,cc1995. axv, 395 pages :billustrations ;c22 cm. aIncludes bibliographical references and index. 0aPolitical science.97772 0aPolitics and government. aIndia. 2ddccBK 00102ddc4070aUAPCLbUAPCLcGeneral Stacksd2020-01-28o320.95 THAp3010004254r2020-01-28t1w2020-01-28yBK